Statistics for NPB 日本シリーズの歴代勝利チーム

Click here to take the quiz!

General Stats

  • This quiz has been taken 51 times
  • The average score is 51 of 74

Answer Stats

年度敗北チーム勝利数勝利チーム% Correct
742023オリックス3-4阪神
100%
732022東京ヤクルト2①4オリックス
98%
722021オリックス2-4東京ヤクルト
98%
712020読売0-4福岡ソフトバンク
98%
692018広島東洋1①4福岡ソフトバンク
98%
672016広島東洋2-4北海道日本ハム
98%
702019読売0-4福岡ソフトバンク
95%
682017横浜DeNA2-4福岡ソフトバンク
95%
662015東京ヤクルト1-4福岡ソフトバンク
95%
642013読売3-4東北楽天
95%
652014阪神1-4福岡ソフトバンク
93%
632012北海道日本ハム2-4読売
91%
622011中日3-4福岡ソフトバンク
91%
612010中日2①4千葉ロッテ
88%
602009北海道日本ハム2-4読売
84%
582007北海道日本ハム1-4中日
84%
572006中日1-4北海道日本ハム
84%
592008読売3-4埼玉西武
81%
562005阪神0-4千葉ロッテ
81%
552004中日3-4西武
77%
522001大阪近鉄1-4ヤクルト
72%
532002西武0-4読売
72%
542003阪神3-4福岡ダイエー
70%
512000福岡ダイエー2-4読売
67%
491998西武2-4横浜
67%
481997西武1-4ヤクルト
67%
321981日本ハム2-4読売
67%
501999中日1-4福岡ダイエー
67%
231972阪急1-4読売
65%
301979近鉄3-4広島東洋
65%
281977読売1-4阪急
65%
271976読売3-4阪急
65%
241973南海1-4読売
65%
211970ロッテ1-4読売
65%
221971阪急1-4読売
65%
201969阪急2-4読売
65%
191968阪急2-4読売
65%
181967阪急2-4読売
65%
171966南海2-4読売
65%
161965南海1-4読売
65%
311980近鉄3-4広島東洋
65%
371986広島3①4西武
65%
331982中日2-4西武
65%
411990読売0-4西武
65%
341983読売3-4西武
65%
461995オリックス1-4ヤクルト
65%
451994西武2-4読売
65%
441993西武3-4ヤクルト
65%
431992ヤクルト3-4西武
65%
421991広島東洋3-4西武
65%
471996読売1-4オリックス
65%
401989近鉄3-4読売
65%
381987読売2-4西武
65%
361985西武2-4阪神
65%
351984阪急3-4広島東洋
65%
391988中日1-4西武
65%
291978阪急3-4ヤクルト
63%
251974中日2-4ロッテ
60%
261975広島0②4阪急
60%
151964阪神3-4南海
60%
141963西鉄3-4読売
56%
91958読売3-4西鉄
49%
21951南海1-4読売
47%
61955南海3-4読売
47%
81957読売0①4西鉄
47%
121961南海2-4読売
47%
101959読売0-4南海
44%
71956読売2-4西鉄
44%
41953南海2①4読売
44%
31952南海2-4読売
44%
51954西鉄3-4中日
42%
111960毎日大映0-4大洋
35%
131962阪神2①4東映
35%
11950松竹2-4毎日
30%

Score Distribution

Percentile by Number Answered

Percent of People with Each Score

Your Score History

You have not taken this quiz